000 00691nam a2200277Ia 4500
005 20260324153536.0
008 008 260324s9999 xx 000 0 eng d
020 _a9780080961804
037 _aEBOOK
040 _aCRL
040 _beng
040 _cCRL
041 _2eng
041 _aeng
084 _qCRL
100 _aVilayanur Ramachandran
_91231682
245 0 _aEncyclopedia of Human Behavior (Second Edition)
250 _a2
260 _bElsevier
260 _c2012
650 _aNeuroscience and Psychology
856 _uhttps://www.sciencedirect.com/science/referenceworks/9780080961804
942 _cEBOOK
999 _c1843291
_d1843291